| 000 | 00496nam a2200181Ia 4500 | ||
|---|---|---|---|
| 003 | OSt | ||
| 005 | 20240405151744.0 | ||
| 008 | 210210b1957 xxu||||| |||| 00| 0 eng d | ||
| 040 | _cAL | ||
| 041 | _aKannada | ||
| 082 | _a859/974 | ||
| 100 |
_aNADIGERA KRASHNARAYA _946753 _dನಾಡಿಗೇರ ಕೃಷ್ಣರಾಯ |
||
| 245 |
_aEdiretu _bಎದಿರೇಟು |
||
| 260 |
_aBengaluru _bShri Prakashana _c1957 |
||
| 690 |
_aKannada Fiction _946754 |
||
| 906 | _a021724 | ||
| 942 |
_2ddc _cBK |
||
| 999 |
_c145823 _d145823 |
||